All Burnout Paradise Cars - Statistics

General Stats
  • This quiz has been taken 8 times
  • The average score is 27 of 84
Answer Stats
Maker Model % Correct
Hunter Civilian
71%
Kitano Hydros Custom
71%
Carson Annihilator
57%
Hunter Cavalry
57%
Hunter Citizen
57%
Rossolini Tempesta
57%
Montgomery Carbon Hawker
43%
Kitano Carbon Hydros Custom
43%
Montgomery Hawker
43%
Carson Inferno Van
43%
Hunter Mesquite
43%
Jansen P12
43%
Krieger Pioneer
43%
Nakamura SI-7
43%
Watson 25 V16 Revenge
29%
Carson 500 GT
29%
Krieger 616 Arachno Sport
29%
Krieger 616 Sport
29%
Carson Annihilator Phoenix
29%
Hunter BRT Oval Champ
29%
Watson Burnout Roadster
29%
Carson Carbon GT Concept
29%
Nakamura Carbon Ikusa GT
29%
Krieger Carbon Überschall 8
29%
Jansen Carbon X12
29%
Hunter Cavalry Bootlegger
29%
Carson Extreme Hot Rod
29%
Carson Fastback
29%
Carson Fastback Special
29%
Carson Grand Marais
29%
Carson Grand Sicilian
29%
Montgomery GT 2400
29%
Carson GT Concept
29%
Carson GT Flame
29%
Carson GT Nighthawk
29%
Montgomery Hawker Mech
29%
Montgomery Hawker Solo
29%
Carson Hot Rod Coupe
29%
Hunter Hotspur
29%
Kitano Hydros Techno
29%
Montgomery Hyperion
29%
Montgomery Hyperion Rattler
29%
Nakamura Ikusa GT
29%
Nakamura Ikusa Samurai
29%
Carson Inferno BRT Van
29%
Rossolini LM Classic
29%
Rossolini LM Track Package
29%
Hunter Manhattan
29%
Hunter Manhattan Custom
29%
Hunter Manhattan Spirit
29%
Hunter Mesquite Custom
29%
Hunter Olympus
29%
Carson Opus
29%
Carson Opus XS
29%
Jansen P12 88 Special
29%
Jansen P12 Track Package
29%
Krieger PCPD Special
29%
Krieger Pioneer Super Gator
29%
Carson Racing 500 GT
29%
Hunter Racing Oval Champ
29%
Nakamura Racing SI-7
29%
Krieger Racing WTR
29%
Nakamura Rai-Jin Turbo
29%
Hunter Reliable Custom
29%
Hunter Reliable Special
29%
Watson Revenge Racer
29%
Watson R-Turbo Roadster
29%
Montgomery Sabotage GT 2400
29%
Hunter Spur
29%
Hunter Takedown 4x4
29%
Hunter Takedown Dirt Racer
29%
Rossolini Tempesta GT
29%
Carson Thunder Custom
29%
Carson Thunder Shadow
29%
Kitano Touge Criterion
29%
Kitano Touge Sport
29%
Carson Tribal Special
29%
Krieger Überschall 8
29%
Krieger Überschall Clear-View
29%
Hunter Vegas
29%
Hunter Vegas Carnivale
29%
Jansen X12
29%
Jansen XS12
29%
Hunter Oval Champ 09
14%
No matching quizzes found
Score Distribution
Percent of People with Each Score
Percentile by Number Answered
Your Score History
You have not taken this quiz